000 00801ntm a22002177a 4500
008 170802s2013 xx a frb 000 0 eng d
040 _aEG-ScBUE
_beng
_cEG-ScBUE
082 0 4 _222
_bFOU
_a624
100 1 _aFouda, Peter Fakhry.
245 1 2 _aA neural smart pattern identifier for a 9 dof system under earthquake excitations /
_bpeter fakhry Fouda.
260 _c2013.
300 _a138 p. :
_bill. (col.) ;
_c28 cm.
500 _aA dissertation submitted to the faculty of engineering, the british university in egypt, in partial fulfillment of the requirement for the bachelor degree in civil engineering
590 _anagwa
650 7 _2BUEsh
_vProjects
_aCivil engineering
653 _bENGCIV
_cAugust2017
655 _vSPRO
700 _tHassan, Maguid.
777 _ASPRO
942 _2ddc
999 _c25122
_d25094